| 000 | 16079cam a2202989 i 4500 | ||
|---|---|---|---|
| 999 | _c58382 | ||
| 001 | 11816655 | ||
| 003 | LIBRIS | ||
| 005 | 20210823103328.0 | ||
| 008 | 100417s2010 sw |||||||||||000 0|swe|c | ||
| 020 | _a9789147094929 | ||
| 035 | _a(OCoLC)663953879 | ||
| 040 |
_aLGEN _bswe _dGcl _dS _ei _erda |
||
| 041 | _aswe | ||
| 082 | 0 | 4 |
_a658.4 _222 |
| 084 |
_aQbab _2kssb/8 |
||
| 100 | 1 |
_aSveningsson, Stefan, _d1959- _0https://libris.kb.se/qn25c55834bfqgh#it |
|
| 245 | 1 | 0 |
_aLedarskap / _cStefan Sveningsson & Mats Alvesson. |
| 250 | _aförsta upplagan | ||
| 264 | 1 |
_aMalmö : _bLiber, _c2010 |
|
| 264 | 3 | _aEgypten | |
| 300 |
_a128 sidor _c21 cm |
||
| 336 |
_atext _btxt _2rdacontent |
||
| 337 |
_aunmediated _bn _2rdamedia |
||
| 338 |
_avolume _bnc _2rdacarrier |
||
| 490 | 0 | _aBegreppbart | |
| 500 | _a3. tr., 2012, 5 tr. 2016 | ||
| 505 | 8 | _aLedare och ledarskap -- Efterföljare och efterföljarskap -- Om sammanhangets betydelse för ledarskap -- Hjälteorienteringen - några utmaningar -- Ledarskap i dag - mycket snack och lite verkstad? -- Ledarskap - alltid bra? -- En avmystifierad syn på ledarskap | |
| 541 | _5Li | ||
| 650 | 7 |
_aLedarskap _0https://id.kb.se/term/sao/Ledarskap _2sao |
|
| 650 | 1 | 2 | _aOrganizational Culture |
| 650 | 1 | 2 | _aLeadership |
| 650 | 2 | 2 | _aOrganizational Objectives |
| 650 | 7 |
_aLeadership _2shbe |
|
| 650 | 7 |
_aLeadership _2ncjt |
|
| 650 | 0 | _aLeadership | |
| 650 | 4 | _aLedarskap | |
| 650 | 4 | _aLeadership | |
| 650 | 7 |
_aLedarskap _0https://id.kb.se/term/sao/Ledarskap _2sao |
|
| 653 | _aLeadership | ||
| 653 | _aLedarskap | ||
| 698 | _a20110121 | ||
| 700 | 1 |
_aAlvesson, Mats, _d1956- _0https://libris.kb.se/wt79b73f4hzqc4b#it |
|
| 887 |
_a{"@id":"5phjq43h4qv5zbq","modified":"2020-11-05T07:39:11.798+01:00","checksum":"407218122612"} _2librisxl |
||
| 887 |
_a{"@id":"mrzljr4s0knr08f","modified":"2014-04-25T09:45:12+02:00","checksum":"177142398826"} _2librisxl |
||
| 887 |
_a{"@id":"kpxtl2nq3rnj33k","modified":"2016-01-25T12:40:48+01:00","checksum":"204330848071"} _2librisxl |
||
| 887 |
_a{"@id":"194qfhhnz3r66zpd","modified":"2018-08-24T15:01:27.07+02:00","checksum":"160403596245"} _2librisxl |
||
| 887 |
_a{"@id":"mrzjnlzs1k2jz4n","modified":"2014-01-28T11:54:29+01:00","checksum":"222316574272"} _2librisxl |
||
| 887 |
_a{"@id":"fkrfvf6l3lr33kb","modified":"2014-05-12T09:38:49+02:00","checksum":"221599657353"} _2librisxl |
||
| 887 |
_a{"@id":"qv2nhhqw423jrll","modified":"2021-02-17T15:50:03.696+01:00","checksum":"239314334682"} _2librisxl |
||
| 887 |
_a{"@id":"lqz65rtr3d81wf2","modified":"2017-04-26T16:04:19+02:00","checksum":"221102222628"} _2librisxl |
||
| 887 |
_a{"@id":"pt29bjrv512v9cj","modified":"2017-05-09T16:08:37+02:00","checksum":"187002026434"} _2librisxl |
||
| 887 |
_a{"@id":"v48g1b4fsf32j69c","modified":"2018-11-07T14:41:51.599+01:00","checksum":"238235215316"} _2librisxl |
||
| 887 |
_a{"@id":"tz59pwg04bw1214","modified":"2010-08-24T15:34:39+02:00","checksum":"247794708227"} _2librisxl |
||
| 887 |
_a{"@id":"48gmxr193jgjzsv","modified":"2021-06-18T13:20:39.926+02:00","checksum":"212083706864"} _2librisxl |
||
| 887 |
_a{"@id":"15c2fhr64rlzltj","modified":"2014-08-14T16:35:17+02:00","checksum":"201840637235"} _2librisxl |
||
| 887 |
_a{"@id":"v06bp1810wn6zwb","modified":"2021-06-08T10:29:39.506+02:00","checksum":"241578408415"} _2librisxl |
||
| 887 |
_a{"@id":"mrzrdtts0sqpzrk","modified":"2018-02-05T11:20:24+01:00","checksum":"185156627692"} _2librisxl |
||
| 887 |
_a{"@id":"zc4lbkg1wcrtpxzv","modified":"2021-07-05T12:27:55.139+02:00","checksum":"227940636522"} _2librisxl |
||
| 887 |
_a{"@id":"bgnvzcfh3k484v4","modified":"2017-02-06T19:34:01+01:00","checksum":"175674388122"} _2librisxl |
||
| 887 |
_a{"@id":"tz5gj5q00nzgmtg","modified":"2011-09-13T10:30:20+02:00","checksum":"253573364582"} _2librisxl |
||
| 887 |
_a{"@id":"15c5g3r61hzjg60","modified":"2021-06-30T14:16:15.931+02:00","checksum":"225484270697"} _2librisxl |
||
| 887 |
_a{"@id":"59hns9hb5phzkvx","modified":"2021-06-11T13:36:46.961+02:00","checksum":"208875677110"} _2librisxl |
||
| 887 |
_a{"@id":"w17fc2v21qlgq2z","modified":"2019-09-05T12:29:13.385+02:00","checksum":"146975705159"} _2librisxl |
||
| 887 |
_a{"@id":"x8s798tlvfgt748p","modified":"2020-07-21T13:16:20.791+02:00","checksum":"126215445837"} _2librisxl |
||
| 887 |
_a{"@id":"37fkr1b83m2q1c9","modified":"2021-08-04T16:33:46.112+02:00","checksum":"183271181333"} _2librisxl |
||
| 887 |
_a{"@id":"v06dgc71346k84s","modified":"2011-02-11T17:30:09+01:00","checksum":"141471060887"} _2librisxl |
||
| 887 |
_a{"@id":"26dkx9w7307hgsw","modified":"2013-09-03T09:59:55+02:00","checksum":"230952458226"} _2librisxl |
||
| 887 |
_a{"@id":"r2crjczmpmtbwwgn","modified":"2019-12-04T16:34:24.746+01:00","checksum":"126956966991"} _2librisxl |
||
| 887 |
_a{"@id":"chqjhj1j17m9m8z","modified":"2017-02-08T15:40:18+01:00","checksum":"176438502852"} _2librisxl |
||
| 887 |
_a{"@id":"ns04jnpt1ggss5j","modified":"2012-12-03T17:43:25+01:00","checksum":"148376054993"} _2librisxl |
||
| 887 |
_a{"@id":"chpvzpqj5sk5m9z","modified":"2018-06-26T14:36:05.628+02:00","checksum":"169524396820"} _2librisxl |
||
| 887 |
_a{"@id":"ns1zr3zt179jl2t","modified":"2016-02-29T13:24:44+01:00","checksum":"164203722779"} _2librisxl |
||
| 887 |
_a{"@id":"v06bqv91518r5wq","modified":"2010-08-23T14:45:14+02:00","checksum":"150335503377"} _2librisxl |
||
| 887 |
_a{"@id":"ns07j39t421dspn","modified":"2017-09-06T13:46:35+02:00","checksum":"237552777078"} _2librisxl |
||
| 887 |
_a{"@id":"rw38fmxx2rw613x","modified":"2020-11-05T07:38:49.529+01:00","checksum":"210838539805"} _2librisxl |
||
| 887 |
_a{"@id":"v06mbhw11jvwk87","modified":"2018-06-11T16:32:29.937+02:00","checksum":"153142270301"} _2librisxl |
||
| 887 |
_a{"@id":"djqw2xfk28kwb93","modified":"2017-10-23T15:37:23+02:00","checksum":"40135322014"} _2librisxl |
||
| 887 |
_a{"@id":"59hndxkb1dzdws7","modified":"2017-12-15T16:11:51+01:00","checksum":"194947164347"} _2librisxl |
||
| 887 |
_a{"@id":"gs10qgb8dhlsdb0r","modified":"2020-05-08T13:16:19.999+02:00","checksum":"177421266682"} _2librisxl |
||
| 887 |
_a{"@id":"v06cg361213992d","modified":"2018-01-08T12:35:08+01:00","checksum":"139241658873"} _2librisxl |
||
| 887 |
_a{"@id":"x28gbk432tvb2px","modified":"2018-01-04T19:08:32+01:00","checksum":"141635435969"} _2librisxl |
||
| 887 |
_a{"@id":"48glmxk944r697t","modified":"2016-12-15T15:30:47+01:00","checksum":"223385726141"} _2librisxl |
||
| 887 |
_a{"@id":"qv2msqhw1f3j759","modified":"2014-01-29T10:43:13+01:00","checksum":"236434441201"} _2librisxl |
||
| 887 |
_a{"@id":"p10jmcmvm3lm2v6j","modified":"2020-03-04T10:54:54.253+01:00","checksum":"244540300510"} _2librisxl |
||
| 887 |
_a{"@id":"hmt14xxn5hkp6f2","modified":"2011-02-25T12:10:16+01:00","checksum":"196789545843"} _2librisxl |
||
| 887 |
_a{"@id":"z39t18j4037dmcc","modified":"2013-11-05T16:59:31+01:00","checksum":"221259318218"} _2librisxl |
||
| 887 |
_a{"@id":"rw4ln7nx3br79vp","modified":"2018-06-01T14:03:06+02:00","checksum":"233754739100"} _2librisxl |
||
| 887 |
_a{"@id":"6kkb9rs145wvcf1z","modified":"2020-11-23T14:16:21.819+01:00","checksum":"201230030736"} _2librisxl |
||
| 887 |
_a{"@id":"59jk5h8b4l441xd","modified":"2017-08-30T14:42:43+02:00","checksum":"180957460670"} _2librisxl |
||
| 887 |
_a{"@id":"chpvlp4j3hchzqr","modified":"2021-06-15T13:48:51.987+02:00","checksum":"204042562046"} _2librisxl |
||
| 887 |
_a{"@id":"1d9nwxg0zlpqlnxx","modified":"2020-11-02T17:16:16.566+01:00","checksum":"186818410971"} _2librisxl |
||
| 887 |
_a{"@id":"htnk4mnkfht0b5zx","modified":"2020-01-24T10:16:18.437+01:00","checksum":"161468057382"} _2librisxl |
||
| 887 |
_a{"@id":"mrzgxqks5d8rnpv","modified":"2017-01-16T09:45:16+01:00","checksum":"178052576929"} _2librisxl |
||
| 887 |
_a{"@id":"7ckbr8pd0kqg8d6","modified":"2015-01-12T14:18:13+01:00","checksum":"182360715537"} _2librisxl |
||
| 887 |
_a{"@id":"ns05z4gt4r15fh2","modified":"2019-01-15T13:07:31.133+01:00","checksum":"141273865557"} _2librisxl |
||
| 887 |
_a{"@id":"x28gdp13006p9vl","modified":"2020-01-09T09:07:12.493+01:00","checksum":"137281069696"} _2librisxl |
||
| 887 |
_a{"@id":"z39fvbn438ntb3t","modified":"2010-08-31T07:37:34+02:00","checksum":"206789543914"} _2librisxl |
||
| 887 |
_a{"@id":"04bspj7539bgc65","modified":"2013-01-10T10:32:30+01:00","checksum":"195282381887"} _2librisxl |
||
| 887 |
_a{"@id":"59hm1zgb0jddvpz","modified":"2010-08-18T14:57:32+02:00","checksum":"222411628498"} _2librisxl |
||
| 887 |
_a{"@id":"0cdfx1gnxqmhvf6l","modified":"2020-12-04T12:16:36.096+01:00","checksum":"190752491265"} _2librisxl |
||
| 887 |
_a{"@id":"v6bk2rcvs4pgfkk0","modified":"2020-11-05T09:17:14.39+01:00","checksum":"117241758450"} _2librisxl |
||
| 887 |
_a{"@id":"w18p0d922jc5l2b","modified":"2018-03-28T12:47:30+02:00","checksum":"200266246433"} _2librisxl |
||
| 887 |
_a{"@id":"26dkb8j75l8rq8n","modified":"2020-06-02T11:22:36.284+02:00","checksum":"224142982485"} _2librisxl |
||
| 887 |
_a{"@id":"bnb757qb8w3h5qxd","modified":"2019-12-20T08:02:45.7+01:00","checksum":"188198072944"} _2librisxl |
||
| 887 |
_a{"@id":"djqwjxgk0f15crs","modified":"2010-12-06T10:28:29+01:00","checksum":"211523009737"} _2librisxl |
||
| 887 |
_a{"@id":"drss5z47bdd6dtdv","modified":"2020-12-23T09:48:02.949+01:00","checksum":"179182607660"} _2librisxl |
||
| 887 |
_a{"@id":"cqwtx4rm9wg512zd","modified":"2021-01-07T17:27:57.929+01:00","checksum":"175335356586"} _2librisxl |
||
| 942 |
_2z _cBOOK |
||